[Event "4NCL Online Division 4"]
[Site "online"]
[Date "2020.06.09"]
[Round "10.61"]
[White "Retallick, Lloyd"]
[Black "Tarling, Ray"]
[Result "1/2-1/2"]
[WhiteElo "2065"]
[BlackElo "1930"]
[PlyCount "96"]
[EventDate "2020.06.09"]
[WhiteTeam "East Cornwall Killers"]
[BlackTeam "Guildford Gatekeepers"]

1. c4 e5 2. Nc3 Bb4 3. Nd5 Bc5 4. Nf3 c6 5. Nc3 Qe7 6. d3 d6 7. g3 f5 8. e4 Nf6
9. Bg2 O-O 10. O-O Na6 11. Nh4 fxe4 12. Nxe4 Nxe4 13. dxe4 Bd4 14. Qe2 Be6 15.
Rb1 Rf7 16. b3 Raf8 17. Be3 c5 18. Nf5 Bxf5 19. exf5 Bxe3 20. fxe3 Rxf5 21.
Rxf5 Rxf5 22. Be4 Rf6 23. a3 Nb8 24. Qd3 g6 25. Qd5+ Kg7 26. Qxb7 Qxb7 27. Bxb7
Nd7 28. Rb2 a5 29. b4 cxb4 30. axb4 axb4 31. Rxb4 Nc5 32. Bd5 h5 33. Rb8 Rf8
34. Rb1 g5 35. h4 g4 36. Ra1 Kg6 37. Rd1 Rf6 38. Bc6 Kh6 39. Rd2 Kg6 40. Ra2
Rf8 41. Bd5 Kh6 42. Ra7 Kg6 43. Rc7 Rf6 44. Rc8 Kg7 45. Rg8+ Kh7 46. Rg5 Kh6
47. Rg8 Kh7 48. Rg5 Kh6 1/2-1/2

[Event "4NCL Online Division 4"]
[Site "online"]
[Date "2020.06.09"]
[Round "10.62"]
[White "Kammin, Samuel"]
[Black "Healey, Grant"]
[Result "0-1"]
[WhiteElo "1795"]
[BlackElo "1952"]
[PlyCount "140"]
[EventDate "2020.06.09"]
[WhiteTeam "Guildford Gatekeepers"]
[BlackTeam "East Cornwall Killers"]

1. Nf3 d6 2. d4 g6 3. g3 Bg7 4. Bg2 Nd7 5. c4 e5 6. Nc3 Ne7 7. O-O Nf5 8. dxe5
dxe5 9. Qa4 O-O 10. Rd1 c6 11. Ne4 Qc7 12. Bd2 Nb6 13. Qa5 Qe7 14. Bb4 Qe6 15.
Bxf8 Nxc4 16. Qd8 Bxf8 17. Nfg5 Qe7 18. Rd7 Qxd8 19. Rxd8 Nxb2 20. Nf6+ Kg7 21.
Ne8+ Kg8 22. Nc7 Rb8 23. Rb1 Nc4 24. Bxc6 Ncd6 25. Nxh7 Kxh7 26. Rxf8 Kg7 27.
Rd8 Nd4 28. Bd7 Nxe2+ 29. Kf1 Nc3 30. Rb3 Nce4 31. Ne8+ Nxe8 32. Rxc8 Rxc8 33.
Bxc8 Nd2+ 34. Ke2 Nxb3 35. axb3 Nd6 36. Bd7 f5 37. f3 Kf6 38. Kd3 Ke7 39. Ba4
b5 40. Bxb5 Nxb5 41. Kc4 Nd4 42. f4 Nf3 43. fxe5 Nxe5+ 44. Kd5 Ng4 45. h3 Ne3+
46. Kc6 Nf1 47. g4 fxg4 48. hxg4 Nd2 49. b4 Nc4 50. Kb7 a5 51. b5 a4 52. Kc6 a3
53. Kc5 Na5 54. Kb4 a2 55. Kxa5 a1=Q+ 56. Kb6 Kd6 57. Kb7 Qb2 58. b6 Kc5 59.
Kc7 Qxb6+ 60. Kd7 Qb4 61. g5 Qf4 62. Ke6 Qxg5 63. Kf7 Qf5+ 64. Kg7 g5 65. Kg8
g4 66. Kg7 g3 67. Kg8 Qd7 68. Kf8 g2 69. Kg8 g1=Q+ 70. Kf8 Qgg7# 0-1

[Event "4NCL Online Division 4"]
[Site "online"]
[Date "2020.06.09"]
[Round "10.63"]
[White "Trudeau, Gary"]
[Black "Merriman, Rob"]
[Result "1-0"]
[WhiteElo "1870"]
[BlackElo "1727"]
[PlyCount "69"]
[EventDate "2020.06.09"]
[WhiteTeam "East Cornwall Killers"]
[BlackTeam "Guildford Gatekeepers"]

1. e4 e6 2. d4 d5 3. Nc3 Nf6 4. Bg5 dxe4 5. f3 exf3 6. Nxf3 Be7 7. Bd3 h6 8.
Bh4 Nbd7 9. O-O O-O 10. Qe2 b6 11. Rad1 Bb7 12. Kh1 Nd5 13. Bg3 Nxc3 14. bxc3
Nf6 15. c4 Qc8 16. Ne5 c5 17. c3 Nd7 18. Ng6 Re8 19. Nxe7+ Rxe7 20. Bd6 Re8 21.
Qf2 Nf6 22. Be5 Qd8 23. Bxf6 Qxf6 24. Qxf6 gxf6 25. Rxf6 Kg7 26. Rdf1 Re7 27.
R6f4 f5 28. d5 Rd8 29. Kg1 exd5 30. Rxf5 dxc4 31. Bxc4 Rd2 32. Rf7+ Kg6 33.
Rxe7 Rxg2+ 34. Kh1 Rf2+ 35. Rxb7 1-0

[Event "4NCL Online Division 4"]
[Site "online"]
[Date "2020.06.09"]
[Round "10.64"]
[White "Tarling, Adam"]
[Black "Hill, Michael"]
[Result "0-1"]
[WhiteElo "1705"]
[BlackElo "1727"]
[PlyCount "152"]
[EventDate "2020.06.09"]
[WhiteTeam "Guildford Gatekeepers"]
[BlackTeam "East Cornwall Killers"]

1. e4 c6 2. d4 d5 3. exd5 cxd5 4. c4 Nf6 5. Nc3 a6 6. Nf3 e6 7. Be2 dxc4 8.
Bxc4 b5 9. Be2 Bb7 10. O-O Be7 11. Be3 O-O 12. Rc1 Nbd7 13. h3 Nd5 14. Qd2 N7f6
15. Qc2 Rc8 16. Qb1 Qb6 17. Ne5 Rcd8 18. Bd3 Nxc3 19. bxc3 Bd5 20. c4 Ba8 21.
cxb5 axb5 22. Qxb5 Qxb5 23. Bxb5 Bd5 24. a4 Ra8 25. Ra1 Bb4 26. Rfc1 Rfc8 27.
Rxc8+ Rxc8 28. Rc1 Rxc1+ 29. Bxc1 Ne4 30. Nd3 Ba5 31. Nc5 Nd6 32. Bd7 Nc4 33.
Kf1 Nb6 34. Bb5 Nc4 35. Ke2 Nd6 36. Bd7 Bxg2 37. Bd2 Bxd2 38. Kxd2 Bxh3 39. Kc3
Bf1 40. Kb4 h5 41. a5 h4 42. a6 Bg2 43. Nd3 h3 44. Nf4 h2 45. Nxg2 h1=Q 46. Bc6
Qb1+ 47. Kc5 Nc8 48. Bb7 Qb6+ 49. Kc4 Nd6+ 50. Kd3 Nxb7 51. axb7 Qxb7 52. Ne3
Qb1+ 53. Ke2 Qb2+ 54. Kf3 Qxd4 55. Ng4 Qc3+ 56. Kg2 f6 57. f3 e5 58. Kg3 e4 59.
Nh2 exf3 60. Nxf3 g5 61. Kg2 Qc6 62. Kf2 g4 63. Ne1 f5 64. Ng2 Qc2+ 65. Kg3 Kf7
66. Ne3 Qc7+ 67. Kf2 g3+ 68. Kf3 f4 69. Ng4 Qb8 70. Kg2 Qb7+ 71. Kg1 g2 72.
Ne5+ Kg7 73. Ng4 f3 74. Kh2 Qb1 75. Kh3 g1=Q 76. Nf2 Qh7# 0-1

[Event "4NCL Online Division 4"]
[Site "online"]
[Date "2020.06.09"]
[Round "10.71"]
[White "Manmay Chopra"]
[Black "Ward, James"]
[Result "1-0"]
[WhiteElo "1855"]
[BlackElo "1742"]
[PlyCount "85"]
[EventDate "2020.06.09"]
[WhiteTeam "Harrow 3"]
[BlackTeam "War & Piece"]

1. e4 c6 2. d4 d5 3. Nc3 dxe4 4. Nxe4 Bf5 5. Ng3 Bg6 6. h4 h6 7. Nh3 e6 8. Nf4
Bh7 9. Bc4 Nf6 10. c3 Bd6 11. Ngh5 O-O 12. g4 Nbd7 13. g5 Nxh5 14. Qxh5 Qc7 15.
Ne2 Be4 16. f3 Bg3+ 17. Kd1 Bf5 18. gxh6 g6 19. Qg5 Bd6 20. h5 Kh7 21. Nf4 Rg8
22. hxg6+ Bxg6 23. Nxg6 Rxg6 24. Bd3 f5 25. Qe3 c5 26. Bd2 c4 27. Bc2 Nb6 28.
Qf2 Rag8 29. Rf1 Rg2 30. Qe3 R8g6 31. f4 Nd5 32. Qf3 R2g3 33. Qf2 R6g4 34. Qe1
Rg6 35. Qf2 Rg2 36. Qf3 R6g3 37. Bxf5+ exf5 38. Qxd5 Rxd2+ 39. Kxd2 Rd3+ 40.
Kc2 Bxf4 41. Qxf5+ Kh8 42. Qf6+ Kh7 43. Rxf4 1-0

[Event "4NCL Online Division 4"]
[Site "online"]
[Date "2020.06.09"]
[Round "10.72"]
[White "Morrison, Munroe L"]
[Black "O'Neill, Richard"]
[Result "1-0"]
[WhiteElo "1717"]
[BlackElo "1645"]
[PlyCount "133"]
[EventDate "2020.06.09"]
[WhiteTeam "War & Piece"]
[BlackTeam "Harrow 3"]

1. e4 c5 2. Nc3 Nc6 3. g3 d6 4. Bg2 Nf6 5. d3 e5 6. Nh3 Be6 7. O-O h6 8. f4 Bg4
9. Qd2 Qd7 10. Nf2 O-O-O 11. Nxg4 Qxg4 12. a3 Kb8 13. Kh1 h5 14. Ne2 h4 15. h3
Qd7 16. f5 hxg3 17. Nxg3 Nh5 18. Qf2 Be7 19. Nxh5 Rxh5 20. b4 Rdh8 21. Be3 Bh4
22. Qd2 b6 23. bxc5 dxc5 24. a4 Nd4 25. a5 Bd8 26. axb6 Bxb6 27. Rab1 Qe7 28.
c3 Nc6 29. d4 cxd4 30. cxd4 exd4 31. Bxd4 Rd8 32. Qf4+ Ka8 33. Bxb6 axb6 34.
Rxb6 Ka7 35. Rxc6 Rd7 36. Rc8 Qb4 37. Ra1+ Kb6 38. Rb8+ Rb7 39. Qe3+ Kc7 40.
Rxb7+ Qxb7 41. Ra7 Rh6 42. Rxb7+ Kxb7 43. Qxh6 gxh6 44. Kh2 Kc7 45. Kg3 Kd7 46.
Kh4 Ke7 47. Kh5 Kf6 48. Kxh6 Ke5 49. Kg7 Kf4 50. h4 Kg3 51. h5 Kxg2 52. h6 Kf3
53. Kxf7 Kxe4 54. h7 Kxf5 55. h8=Q Ke4 56. Qh5 Kf4 57. Ke6 Ke4 58. Qe5+ Kd3 59.
Qf4 Kc3 60. Kd5 Kd3 61. Qd4+ Kc2 62. Qe3 Kb2 63. Kc4 Kc2 64. Qc3+ Kb1 65. Qd2
Ka1 66. Kb3 Kb1 67. Qb2# 1-0

[Event "4NCL Online Division 4"]
[Site "online"]
[Date "2020.06.09"]
[Round "10.73"]
[White "Dhemrait, Surjit S"]
[Black "Chwieseni, Edward I"]
[Result "0-1"]
[WhiteElo "1518"]
[BlackElo "1696"]
[PlyCount "82"]
[EventDate "2020.06.09"]
[WhiteTeam "Harrow 3"]
[BlackTeam "War & Piece"]

1. e4 e5 2. Nc3 g6 3. Bc4 Bg7 4. Nf3 Nc6 5. d3 Nf6 6. Bg5 d6 7. O-O Be6 8. Bd5
O-O 9. Qd2 a6 10. Rfe1 Qc8 11. Bh6 Bg4 12. Bxg7 Kxg7 13. Re3 Nd4 14. Bb3 Bxf3
15. gxf3 Qh3 16. Qd1 Nh5 17. f4 Qh4 18. fxe5 Nf4 19. Rg3 dxe5 20. Qg4 Qxg4 21.
Rxg4 Nf3+ 22. Kh1 f5 23. exf5 Rxf5 24. Ne4 Rh5 25. h4 Rf8 26. Ng3 Rh6 27. Rd1
Rxh4+ 28. Rxh4 Nxh4 29. Kg1 Nh3+ 30. Kh2 Nxf2 31. Rf1 g5 32. Bd5 c6 33. Be4 g4
34. Nf5+ Nxf5 35. Bxf5 Rxf5 36. Kg2 Kg6 37. Rxf2 Rxf2+ 38. Kxf2 h5 39. Kg3 Kg5
40. c3 h4+ 41. Kg2 Kf4 0-1

[Event "4NCL Online Division 4"]
[Site "online"]
[Date "2020.06.09"]
[Round "10.74"]
[White "Thomas, Jacob"]
[Black "Stott, David A"]
[Result "1-0"]
[WhiteElo "1457"]
[BlackElo "1510"]
[PlyCount "41"]
[EventDate "2020.06.09"]
[WhiteTeam "War & Piece"]
[BlackTeam "Harrow 3"]

1. e4 c5 2. Nf3 Nc6 3. Nc3 a6 4. a4 d6 5. d4 cxd4 6. Nxd4 e5 7. Nb3 Be7 8. Bc4
Nf6 9. O-O O-O 10. Bg5 h6 11. Bh4 Qe8 12. Bxf6 Bxf6 13. Qxd6 Bg4 14. Nd5 Bg5
15. Nc7 Qd8 16. Qxd8 Raxd8 17. f3 Bc8 18. Rad1 Be3+ 19. Kh1 Bb6 20. Nd5 Kh8 21.
Nxb6 1-0

[Event "4NCL Online Division 4"]
[Site "online"]
[Date "2020.06.09"]
[Round "10.81"]
[White "Breed, Greg J"]
[Black "Maciol, Ryszard"]
[Result "0-1"]
[WhiteElo "1825"]
[BlackElo "2215"]
[PlyCount "72"]
[EventDate "2020.06.09"]
[WhiteTeam "Hatch End A"]
[BlackTeam "Celtic Tigers Cubs"]

1. d4 Nf6 2. c4 e6 3. Nf3 b6 4. g3 Bb7 5. Bg2 Be7 6. O-O O-O 7. Nc3 Ne4 8. Qb3
Nxc3 9. bxc3 c5 10. d5 d6 11. e4 Bf6 12. a4 Nd7 13. Bf4 Ne5 14. Nxe5 dxe5 15.
Be3 Qd6 16. Rfb1 Ba6 17. a5 Rfb8 18. Qa4 exd5 19. cxd5 b5 20. Qc2 Bc8 21. Qe2
a6 22. Rb2 Bd7 23. f3 Re8 24. Qf2 Rac8 25. Rab1 Bd8 26. Ra1 f5 27. Rc2 Rf8 28.
exf5 Bxf5 29. Rd2 b4 30. cxb4 cxb4 31. Bb6 Bf6 32. Re1 b3 33. Kh1 Bc2 34. Qe2
Bg5 35. Be3 Bxe3 36. Qxe3 b2 0-1

[Event "4NCL Online Division 4"]
[Site "online"]
[Date "2020.06.09"]
[Round "10.82"]
[White "Kolasinski, Krzysztof"]
[Black "Phillips, William"]
[Result "1-0"]
[WhiteElo "2117"]
[BlackElo "1870"]
[PlyCount "45"]
[EventDate "2020.06.09"]
[WhiteTeam "Celtic Tigers Cubs"]
[BlackTeam "Hatch End A"]

1. d4 Nf6 2. c4 g6 3. Nc3 Bg7 4. e4 d6 5. Be2 O-O 6. Bg5 c5 7. d5 e5 8. Qd2 Na6
9. h4 h5 10. f3 Qd7 11. g4 Nh7 12. gxh5 gxh5 13. Nh3 f5 14. exf5 Qxf5 15. Ne4
Qg6 16. O-O-O Bxh3 17. Rxh3 Nxg5 18. hxg5 Rf4 19. Rdh1 h4 20. Rxh4 Rxh4 21.
Rxh4 Rf8 22. Bd3 Qe8 23. Nxd6 1-0

[Event "4NCL Online Division 4"]
[Site "online"]
[Date "2020.06.09"]
[Round "10.83"]
[White "Pattni, Kishan"]
[Black "Tivillier, Jacques"]
[Result "1/2-1/2"]
[WhiteElo "1757"]
[BlackElo "1945"]
[PlyCount "52"]
[EventDate "2020.06.09"]
[WhiteTeam "Hatch End A"]
[BlackTeam "Celtic Tigers Cubs"]

1. Nf3 Nf6 2. d4 d5 3. c4 e6 4. Nc3 c6 5. cxd5 exd5 6. Bg5 Be7 7. e3 Nbd7 8.
Bd3 h6 9. Bh4 O-O 10. h3 Ne4 11. Bxe7 Qxe7 12. O-O Ndf6 13. a4 Bf5 14. a5 c5
15. dxc5 Nxc3 16. bxc3 Bxd3 17. Qxd3 Qxc5 18. Rfb1 Rab8 19. Rb5 Qc7 20. Rab1
Rfc8 21. Nd4 g6 22. R1b3 b6 23. Qb1 Ne4 24. axb6 Rxb6 25. Rxb6 axb6 26. Rxb6
Qxc3 1/2-1/2

[Event "4NCL Online Division 4"]
[Site "online"]
[Date "2020.06.09"]
[Round "10.84"]
[White "Evans, Craig"]
[Black "Parsons, Robert"]
[Result "1/2-1/2"]
[WhiteElo "1993"]
[BlackElo "1720"]
[PlyCount "65"]
[EventDate "2020.06.09"]
[WhiteTeam "Celtic Tigers Cubs"]
[BlackTeam "Hatch End A"]

1. d4 e6 2. e4 d5 3. Nc3 dxe4 4. Nxe4 Nc6 5. Nf3 Nf6 6. Bd3 Nxe4 7. Bxe4 Bd6 8.
h4 Bd7 9. h5 h6 10. Qe2 Qe7 11. Bd2 O-O-O 12. c3 Rhe8 13. O-O-O a6 14. Bc2 Qf6
15. Rhe1 Ne7 16. Ne5 Bc6 17. f4 Nd5 18. Nxc6 bxc6 19. Qxa6+ Kd7 20. Ba4 Nb6 21.
Bb3 Bxf4 22. Rf1 Bxd2+ 23. Rxd2 Qe7 24. Qe2 Ra8 25. g4 Ra5 26. Qf3 f6 27. Re1
Nd5 28. Rde2 Qd6 29. c4 Qf4+ 30. Qxf4 Nxf4 31. Rd2 Kc8 32. Re3 e5 33. dxe5
1/2-1/2

[Event "4NCL Online Division 4"]
[Site "online"]
[Date "2020.06.09"]
[Round "10.91"]
[White "Keenan, Brendan"]
[Black "Dean, Robert A"]
[Result "1/2-1/2"]
[WhiteElo "1930"]
[BlackElo "1744"]
[PlyCount "77"]
[EventDate "2020.06.09"]
[WhiteTeam "Kent KJCA Kestrels C"]
[BlackTeam "Bradford DCA Knights B"]

1. d4 d5 2. Bf4 Nf6 3. e3 g6 4. Nf3 Bg7 5. Be2 Nbd7 6. h3 O-O 7. Nbd2 c5 8. c3
Re8 9. O-O Nh5 10. Bh2 f5 11. Ne5 Bxe5 12. dxe5 Ng7 13. Nf3 Nb6 14. Qc2 e6 15.
Rfd1 Bd7 16. c4 Rc8 17. b3 Qe7 18. Rac1 h6 19. a4 Bc6 20. Rd2 Rf8 21. Rcd1 a5
22. Qc3 Ra8 23. Rc1 Rfc8 24. Rdd1 g5 25. Nd2 h5 26. h4 gxh4 27. Bf4 Qf7 28. Nf3
h3 29. g3 dxc4 30. Ng5 Qg6 31. Bxc4 Nxc4 32. Qxc4 Bd5 33. Rxd5 exd5 34. Qxd5+
Kh8 35. Nf7+ Kh7 36. Ng5+ Kh8 37. Nf7+ Kh7 38. Ng5+ Kh8 39. Nf7+ 1/2-1/2

[Event "4NCL Online Division 4"]
[Site "online"]
[Date "2020.06.09"]
[Round "10.92"]
[White "Ibbitson, Anthony"]
[Black "Cook, John"]
[Result "1/2-1/2"]
[WhiteElo "1735"]
[BlackElo "1815"]
[PlyCount "41"]
[EventDate "2020.06.09"]
[WhiteTeam "Bradford DCA Knights B"]
[BlackTeam "Kent KJCA Kestrels C"]

1. e4 c5 2. Nc3 Nc6 3. g3 g6 4. Bg2 Bg7 5. d3 d6 6. f4 e5 7. Nh3 Nge7 8. O-O
O-O 9. f5 gxf5 10. exf5 Bxf5 11. Nd5 Qd7 12. Ng5 h6 13. Nxe7+ Nxe7 14. Ne4 Bg4
15. Bf3 Bxf3 16. Qxf3 f5 17. Nc3 Qc6 18. Qh5 Kh7 19. Bg5 Rae8 20. Bxe7 Rxe7 21.
Rxf5 1/2-1/2

[Event "4NCL Online Division 4"]
[Site "online"]
[Date "2020.06.09"]
[Round "10.93"]
[White "Verma, Shlok"]
[Black "Tait, Bill"]
[Result "1-0"]
[WhiteElo "1722"]
[BlackElo "1640"]
[PlyCount "73"]
[EventDate "2020.06.09"]
[WhiteTeam "Kent KJCA Kestrels C"]
[BlackTeam "Bradford DCA Knights B"]

1. d4 d5 2. c4 c6 3. Nf3 Nf6 4. Nc3 Nbd7 5. Bg5 e6 6. e3 Be7 7. Bd3 b6 8. O-O
h6 9. Bh4 O-O 10. a3 dxc4 11. Bxc4 Nd5 12. Bxe7 Qxe7 13. e4 Nxc3 14. bxc3 b5
15. Bb3 Bb7 16. Re1 Rfd8 17. Qc2 Nb6 18. Rad1 Qxa3 19. Ne5 Nd7 20. Nd3 a5 21.
Ra1 Qd6 22. e5 Qe7 23. Ba2 Nb6 24. Bb1 g6 25. Re3 Nc4 26. Rg3 Kh7 27. Nf4 Rg8
28. Nh5 Kh8 29. Qc1 g5 30. h4 a4 31. Nf6 Rg7 32. hxg5 Rag8 33. Rh3 Rg6 34. Bxg6
Rxg6 35. Rxh6+ Rxh6 36. gxh6 c5 37. Qc2 1-0

[Event "4NCL Online Division 4"]
[Site "online"]
[Date "2020.06.09"]
[Round "10.94"]
[White "Gallagher, Dominic"]
[Black "Bansal, Saahil"]
[Result "0-1"]
[WhiteElo "1570"]
[BlackElo "1745"]
[PlyCount "76"]
[EventDate "2020.06.09"]
[WhiteTeam "Bradford DCA Knights B"]
[BlackTeam "Kent KJCA Kestrels C"]

1. d4 Nf6 2. Bf4 d5 3. e3 g6 4. Nc3 Bg7 5. h4 O-O 6. Be2 h5 7. Nf3 Bg4 8. Ne5
Bxe2 9. Qxe2 Nbd7 10. O-O-O c6 11. Kb1 Qe8 12. f3 Nxe5 13. dxe5 Nd7 14. g4 Nxe5
15. Bxe5 Bxe5 16. gxh5 Bxc3 17. bxc3 gxh5 18. f4 f6 19. Rhg1+ Kh8 20. Rg3 Rg8
21. Rdg1 Qf7 22. f5 Rxg3 23. Rxg3 Rg8 24. Qf3 Rxg3 25. Qxg3 Qg8 26. Qxg8+ Kxg8
27. Kb2 Kf7 28. Kb3 e6 29. fxe6+ Kxe6 30. c4 dxc4+ 31. Kxc4 Kf5 32. Kd4 Kg4 33.
Ke4 Kxh4 34. Kf5 Kg3 35. Kxf6 h4 36. e4 h3 37. e5 h2 38. e6 h1=Q 0-1

[Event "4NCL Online Division 4"]
[Site "online"]
[Date "2020.06.09"]
[Round "10.101"]
[White "Clissold, Ben S"]
[Black "McCarthy, Maurice"]
[Result "0-1"]
[WhiteElo "2135"]
[BlackElo "1978"]
[PlyCount "154"]
[EventDate "2020.06.09"]
[WhiteTeam "Manchester Juniors A"]
[BlackTeam "Morriston Alekhine"]

1. e4 c5 2. Nf3 d6 3. c3 Nf6 4. Bc4 Nc6 5. d3 Bg4 6. Bg5 e6 7. O-O Be7 8. h3
Bh5 9. Nbd2 h6 10. Bh4 O-O 11. Qc2 a6 12. a4 d5 13. Ba2 Bg6 14. Rfe1 b5 15.
Rad1 Ra7 16. Bb1 Rd7 17. axb5 axb5 18. Qb3 Qa5 19. Bxf6 Bxf6 20. c4 bxc4 21.
dxc4 Rb8 22. Qe3 d4 23. Qf4 e5 24. Qg4 Rdb7 25. b3 Nb4 26. h4 h5 27. Qg3 Qc7
28. Ng5 Qe7 29. f4 exf4 30. Qxf4 Be5 31. Qf3 f6 32. Nh3 Qd6 33. Nf1 Nc6 34. Bc2
Ra8 35. Ra1 Rba7 36. Rxa7 Rxa7 37. g3 Ra2 38. Re2 Nb4 39. Bd1 Rxe2 40. Bxe2 d3
41. Bd1 Qd4+ 42. Nf2 Kf7 43. Ne3 Qc3 44. Kg2 Qd2 45. Nf1 Qb2 46. g4 Bd4 47. Ne3
Nc2 48. Bxc2 dxc2 49. gxh5 c1=Q 50. hxg6+ Ke8 51. Qf5 Qxf2+ 52. Kxf2 Qxe3+ 53.
Kg2 Qg1+ 54. Kh3 Qh1+ 55. Kg3 Qg1+ 56. Kh3 Ke7 57. h5 Be5 58. Qf3 Qg5 59. Qg4
Qd2 60. Qf3 Qg5 61. Qg4 Kd6 62. Qxg5 fxg5 63. Kg4 Bf6 64. Kf5 g4 65. Kxg4 Ke5
66. Kf3 Bg5 67. Kg4 Bc1 68. Kf3 Kd4 69. Ke2 Kxe4 70. Kd1 Bg5 71. Kc2 Bf6 72.
Kb1 Kd3 73. Ka2 Ke4 74. Ka3 Kf5 75. b4 cxb4+ 76. Kxb4 Kg5 77. c5 Kxh5 0-1

[Event "4NCL Online Division 4"]
[Site "online"]
[Date "2020.06.09"]
[Round "10.103"]
[White "Gardiner, Ethan"]
[Black "Howells, Chris"]
[Result "1/2-1/2"]
[WhiteElo "1795"]
[BlackElo "1767"]
[PlyCount "63"]
[EventDate "2020.06.09"]
[WhiteTeam "Manchester Juniors A"]
[BlackTeam "Morriston Alekhine"]

1. e4 e6 2. d4 d5 3. Nc3 Nc6 4. e5 f6 5. exf6 Nxf6 6. Nf3 Bb4 7. a3 Bxc3+ 8.
bxc3 O-O 9. Bd3 Na5 10. O-O c5 11. Bf4 c4 12. Be2 Ne4 13. Bd2 Nc6 14. Re1 Bd7
15. Rf1 Qa5 16. Qe1 Rf6 17. Ng5 Nxd2 18. Qxd2 Raf8 19. Nf3 Qc7 20. Rab1 b6 21.
Qe3 Bc8 22. Bd1 Qe7 23. Ra1 Qc7 24. Rb1 Rf4 25. Be2 Qe7 26. Ra1 Qf6 27. Rae1
Qg6 28. Bd1 Rg4 29. g3 Rgf4 30. Kh1 R4f6 31. Nh4 Qf7 32. f4 1/2-1/2

[Event "4NCL Online Division 4"]
[Site "online"]
[Date "2020.06.09"]
[Round "10.104"]
[White "Jones, Huw"]
[Black "Clissold, Julian"]
[Result "1/2-1/2"]
[WhiteElo "1617"]
[BlackElo "1795"]
[PlyCount "117"]
[EventDate "2020.06.09"]
[WhiteTeam "Morriston Alekhine"]
[BlackTeam "Manchester Juniors A"]

1. d4 d5 2. e4 dxe4 3. Nc3 Nf6 4. f3 exf3 5. Nxf3 e6 6. Bg5 Be7 7. Bd3 Nc6 8.
a3 h6 9. Bf4 Bd6 10. Bxd6 cxd6 11. Qe2 Bd7 12. O-O-O O-O 13. Ne4 Nxe4 14. Qxe4
f5 15. Qe2 Qf6 16. c3 Rac8 17. Kb1 Be8 18. g4 Bg6 19. gxf5 Bxf5 20. Rhf1 Bxd3+
21. Qxd3 Qf5 22. Qxf5 Rxf5 23. Nh4 Rxf1 24. Rxf1 Rf8 25. Re1 Rf6 26. h3 Kf7 27.
Ka2 g5 28. Ng2 Kg6 29. Kb3 Rf3 30. Rxe6+ Rf6 31. Re3 h5 32. Kc4 Rf2 33. Ne1 Kf6
34. b4 Ne7 35. Nd3 Rf5 36. a4 g4 37. hxg4 hxg4 38. Rg3 Kg5 39. Ne1 Kh4 40. Re3
Rf7 41. Ng2+ Kg5 42. b5 b6 43. Kd3 Rf3 44. c4 Rxe3+ 45. Kxe3 Nf5+ 46. Ke4 g3
47. c5 bxc5 48. dxc5 dxc5 49. a5 Nd6+ 50. Kd5 Nxb5 51. Kxc5 a6 52. Kb6 Nd6 53.
Kxa6 Kg4 54. Kb6 Nc4+ 55. Kb5 Nxa5 56. Kxa5 Kf3 57. Nh4+ Kg4 58. Ng2 Kh3 59.
Nf4+ 1/2-1/2

[Event "4NCL Online Division 4"]
[Site "online"]
[Date "2020.06.09"]
[Round "10.111"]
[White "Putar, Leon"]
[Black "Hooker, Steve"]
[Result "1-0"]
[WhiteElo "1868"]
[BlackElo "1990"]
[PlyCount "111"]
[EventDate "2020.06.09"]
[WhiteTeam "St Benildus B"]
[BlackTeam "Dorking"]

1. d4 g6 2. c4 Bg7 3. Nf3 f5 4. Nc3 Nf6 5. Bf4 O-O 6. Qc2 e6 7. e3 d6 8. Be2
Nh5 9. Bg5 Qe8 10. O-O-O a6 11. h3 Bd7 12. g4 Nf6 13. gxf5 exf5 14. Bxf6 Bxf6
15. Nd5 Bd8 16. h4 Ba4 17. b3 Bc6 18. Nc3 Be4 19. Nxe4 fxe4 20. Ng5 Bxg5 21.
hxg5 Rxf2 22. c5 d5 23. Rdf1 Qf7 24. Rxf2 Qxf2 25. Kb1 Nc6 26. Bg4 Qxc2+ 27.
Kxc2 Rf8 28. Be6+ Kg7 29. a3 Ne7 30. Rh2 c6 31. Rg2 Nf5 32. Kd2 Re8 33. Bd7 Re7
34. Bc8 Kf8 35. Rf2 Kg7 36. Rf4 Rf7 37. Kc3 h6 38. gxh6+ Kxh6 39. Kb4 Kg5 40.
Ka5 Rc7 41. Bxf5 gxf5 42. Kb6 Rh7 43. Rf1 Kg4 44. Rf4+ Kg5 45. Rf1 Rh3 46. Re1
f4 47. exf4+ Kxf4 48. Kxb7 Rxb3+ 49. Kxc6 e3 50. Kxd5 Kf3 51. Kd6 Kf2 52. Rh1
e2 53. c6 e1=Q 54. Rxe1 Kxe1 55. c7 Rc3 56. Kd7 1-0

[Event "4NCL Online Division 4"]
[Site "online"]
[Date "2020.06.09"]
[Round "10.112"]
[White "Herman, Thomas"]
[Black "Boland, Dylan"]
[Result "0-1"]
[WhiteElo "1802"]
[BlackElo "1842"]
[PlyCount "132"]
[EventDate "2020.06.09"]
[WhiteTeam "Dorking"]
[BlackTeam "St Benildus B"]

1. e4 e5 2. Nf3 Nc6 3. Bb5 a6 4. Ba4 Nf6 5. d3 Bc5 6. c3 d6 7. O-O O-O 8. Nbd2
Ba7 9. h3 h6 10. Re1 Re8 11. Nf1 b5 12. Bc2 d5 13. Ng3 dxe4 14. dxe4 Bb7 15.
Be3 Bxe3 16. Rxe3 Qxd1+ 17. Rxd1 Na5 18. b3 Bc6 19. Re2 g6 20. Red2 Nb7 21. Ne1
Kg7 22. f3 a5 23. Nf1 Nc5 24. Ne3 a4 25. b4 Ne6 26. Nd3 Nd7 27. Kf2 h5 28. h4
f6 29. g3 Nb6 30. Nb2 a3 31. Nd3 Na4 32. Bxa4 Rxa4 33. Nd5 Rd8 34. Ne3 Rd7 35.
Nc1 Rxd2+ 36. Rxd2 Kf7 37. Nb3 Ke7 38. Na5 Ba8 39. Nd5+ Bxd5 40. exd5 Ng7 41.
g4 f5 42. Kg3 Ne8 43. gxh5 gxh5 44. Kf2 Nd6 45. Re2 Kf6 46. Ke3 Nc4+ 47. Nxc4
bxc4 48. f4 Ra8 49. Rd2 Rd8 50. Kf3 e4+ 51. Ke3 Rg8 52. Kd4 Rg4 53. Kxc4 Rxf4
54. Kc5 e3 55. Re2 Re4 56. d6 cxd6+ 57. Kxd6 f4 58. Kd5 f3 59. Kxe4 fxe2 60.
Kxe3 e1=Q+ 61. Kd4 Qd2+ 62. Kc4 Qxa2+ 63. Kc5 Qc2 64. c4 a2 65. b5 a1=Q 66. b6
Qa5+ 0-1

[Event "4NCL Online Division 4"]
[Site "online"]
[Date "2020.06.09"]
[Round "10.113"]
[White "Putar, Lara"]
[Black "Collins, Anthony S"]
[Result "1-0"]
[WhiteElo "1821"]
[BlackElo "1716"]
[PlyCount "69"]
[EventDate "2020.06.09"]
[WhiteTeam "St Benildus B"]
[BlackTeam "Dorking"]

1. Nf3 Nf6 2. g3 g6 3. Bg2 Bg7 4. O-O O-O 5. d4 d6 6. c4 Nc6 7. Nc3 a6 8. e4 e5
9. d5 Ne7 10. Nd2 Rb8 11. b4 c5 12. bxc5 dxc5 13. Nb3 Qd6 14. Be3 b6 15. a4 Ng4
16. Bc1 f5 17. Ba3 Bd7 18. a5 Rfc8 19. axb6 Rxb6 20. Qc2 Nf6 21. Bh3 f4 22.
Bxd7 Qxd7 23. Nd2 Qh3 24. Nf3 Ng4 25. Na4 g5 26. Nxb6 Rf8 27. Nd7 Nxh2 28. Nxh2
Qxd7 29. g4 f3 30. Bxc5 Rf4 31. Kh1 Rxg4 32. Qa4 Qc8 33. Qxa6 Qxc5 34. Qe6+ Kh8
35. Ra8+ 1-0

[Event "4NCL Online Division 4"]
[Site "online"]
[Date "2020.06.09"]
[Round "10.121"]
[White "Jenkins, John"]
[Black "Zakarian, Dimitrios Levon"]
[Result "0-1"]
[WhiteElo "2065"]
[BlackElo "1877"]
[PlyCount "94"]
[EventDate "2020.06.09"]
[WhiteTeam "Stroud The Old"]
[BlackTeam "Oxford 3"]

1. d4 Nf6 2. c4 e6 3. Nc3 Bb4 4. e3 b6 5. Nge2 Ba6 6. a3 Bxc3+ 7. Nxc3 d5 8.
Qf3 O-O 9. Bd3 Nbd7 10. b3 c5 11. g4 cxd4 12. exd4 dxc4 13. bxc4 e5 14. g5 exd4
15. gxf6 dxc3 16. fxg7 Re8+ 17. Kf1 Qh4 18. Qg3 Qxg3 19. hxg3 Ne5 20. Bxh7+
Kxg7 21. Be4 Bxc4+ 22. Kg2 Rad8 23. Bg5 Bd5 24. Bxd5 Rxd5 25. Rac1 Rc8 26. Rc2
Ra5 27. Bc1 Nd3 28. Be3 Rxa3 29. Bd4+ f6 30. Re2 Rc7 31. Re4 c2 32. Rg4+ Kf8
33. Rh8+ Ke7 34. Re4+ Kd7 35. Rh7+ Kc8 36. Rxc7+ Kxc7 37. Be3 Rc3 38. Bd2 c1=Q
39. Bxc1 Nxc1 40. Re7+ Kd6 41. Rxa7 Nd3 42. Rb7 Rb3 43. f4 Nc5 44. Rf7 Ne4 45.
Rb7 Rxg3+ 46. Kh2 Rb3 47. Rb8 Ke6 0-1

[Event "4NCL Online Division 4"]
[Site "online"]
[Date "2020.06.09"]
[Round "10.122"]
[White "Finn, Chris"]
[Black "Brown, Graham K"]
[Result "1-0"]
[WhiteElo "1877"]
[BlackElo "1757"]
[PlyCount "57"]
[EventDate "2020.06.09"]
[WhiteTeam "Oxford 3"]
[BlackTeam "Stroud The Old"]

1. d4 e5 2. dxe5 Nc6 3. Nf3 Nge7 4. Nc3 Ng6 5. Bg5 Be7 6. Bxe7 Ncxe7 7. Qd2 O-O
8. O-O-O c6 9. e4 Qc7 10. Qd6 Qb6 11. h4 Re8 12. h5 Nf8 13. h6 Qxf2 14. e6 Nxe6
15. hxg7 Ng6 16. Qh2 Nxg7 17. Qxh7+ Kf8 18. Nh4 Qf6 19. Nxg6+ Qxg6 20. Qh8+ Ke7
21. Qh4+ Qf6 22. Qg3 Kd8 23. Bc4 Ne6 24. Kb1 b5 25. Bxe6 Qxe6 26. Rhf1 b4 27.
Na4 Qxe4 28. Rxf7 d5 29. Qc7# 1-0